000 00881nam a2200301Ia 4500
001 41226
003 IT-RoPAU
008 130308s9999 xx 000 0 und d
040 _aIT-RoPAU
040 _cIT-RoPAU
041 _aFRANCESE
100 _aCompagnon Antoine
100 _gCodice Aut. SPICS: 10239
245 _aImposture (L')
245 _bPretexte: Roland Barthes-Colloque de Cerisy
250 _a1a ed.
260 _aPARIS
260 _bUnion Generale D'Editions
260 _c1978 [1° Ed.:1978 - Ed.Ling.Originale:1977]
300 _a"17 p. (prefazione: no ; testo: 17 [pagine: 40-56])"
500 _aImpostura negazione Amnesia Apatia Inversione e Neutralità Errore Amatorismo Appropriazione Sovranità Precarieta'
650 _aSEMIOLOGIA
650 _eCodice materia Spics: 3251
942 _cBK
957 _71
999 _c40820
_d40820
999 _bSI
999 _g1